000 00518nam a2200181Ia 4500
999 _c29398
_d29398
003 OSt
005 20201127145625.0
008 190216s9999||||xx |||||||||||||| ||und||
020 _a9788182646711
040 _coclc
082 _a920
_bMEN/K
100 _aMenon, K P Kesava
_93249
245 0 _aKazhinja kaalam /
_cK P Kesava menon
260 _bMathrubhumi Printing & publishing,
_aKozhidode;
_c2009.
300 _a372p
650 _aAthmakadha
942 _cBK
_2ddc
_h920
_iMEN/K
_k920
_mMEN/K